000 00897cam a2200217 4500
001 WB3643-08
008 000000n2000 000 0 eng u
035 _a(Sirsi) u109049
245 _aNoisy neighbour rules for builders
260 _c2000
490 _aBuilding
_v265(8159) 27 October 2000, 11(1)
520 _aProposed changes to Part E of the Building Regulations, meant to muffle noisy neighbours, will transform the way homes are built. The changes will increase the cost of high-density developments and may cause problems for builders trying to conform with both Part E and Part L of the regulations.
590 _aWB
650 _aBUILDING REGULATIONS
_96224
650 _aHIGH DENSITY DEVELOPMENT
650 _aSOUND INSULATION
650 _aNOISE POLLUTION
650 _aBUILT ENVIRONMENT-BUILDING MATERIALS
690 _aBUILT ENVIRONMENT-BUILDING STANDARDS
942 _n0
999 _c65125
_d65125